[Event "George Trundle Qualifiers 2016"]
[Site "Auckland"]
[Date "2016.07.12"]
[Round "4.1"]
[White "Gong, Daniel Hanwen"]
[Black "Duneas, John"]
[Result "1-0"]
[LiveChessVersion "1.4.8"]
[BlackElo "2100"]
[WhiteElo "2042"]

1. c4 {[%clk 1:30:59]} Nf6 {[%clk 1:30:42]} 2. Nc3 {[%clk 1:31:23]} g6
{[%clk 1:26:25]} 3. g3 {[%clk 1:31:33]} Bg7 {[%clk 1:26:42]} 4. Bg2
{[%clk 1:31:58]} O-O {[%clk 1:26:52]} 5. Nf3 {[%clk 1:32:06]} d5 {[%clk 1:26:54]}
6. cxd5 {[%clk 1:28:32]} Nxd5 {[%clk 1:27:17]} 7. O-O {[%clk 1:28:20]} e5
{[%clk 1:22:04]} 8. Nxd5 {[%clk 1:27:09]} Qxd5 {[%clk 1:22:26]} 9. d3
{[%clk 1:27:33]} Nc6 {[%clk 1:19:01]} 10. Be3 {[%clk 1:24:39]} Qb5
{[%clk 1:17:05]} 11. Rb1 {[%clk 1:22:55]} Be6 {[%clk 1:15:29]} 12. b3
{[%clk 1:21:40]} Rfd8 {[%clk 1:14:39]} 13. Ng5 {[%clk 1:18:01]} Bd5
{[%clk 1:10:44]} 14. Ne4 {[%clk 1:14:22]} Bxe4 {[%clk 1:06:46]} 15. Bxe4
{[%clk 1:14:42]} f5 {[%clk 1:02:32]} 16. a4 {[%clk 1:13:44]} Qa6 {[%clk 0:58:21]}
17. Bxc6 {[%clk 1:10:55]} Qxc6 {[%clk 0:58:38]} 18. Qc1 {[%clk 1:10:56]} Qd6
{[%clk 0:52:50]} 19. Bh6 {[%clk 1:09:48]} c5 {[%clk 0:50:09]} 20. Qc4+
{[%clk 1:08:58]} Kh8 {[%clk 0:48:31]} 21. Bxg7+ {[%clk 1:09:14]} Kxg7
{[%clk 0:48:54]} 22. b4 {[%clk 1:04:59]} cxb4 {[%clk 0:46:17]} 23. Qxb4
{[%clk 1:04:43]} b6 {[%clk 0:42:42]} 24. Rfc1 {[%clk 1:01:43]} Qxb4
{[%clk 0:41:46]} 25. Rc7+ {[%clk 1:01:41]} Kf6 {[%clk 0:34:05]} 26. Rxb4
{[%clk 1:02:05]} h5 {[%clk 0:31:31]} 27. Rbc4 {[%clk 1:01:16]} Rd6
{[%clk 0:31:04]} 28. h4 {[%clk 1:00:00]} a5 {[%clk 0:30:41]} 29. f4
{[%clk 0:52:05]} exf4 {[%clk 0:28:23]} 30. gxf4 {[%clk 0:52:29]} Rad8
{[%clk 0:28:17]} 31. Kf2 {[%clk 0:50:22]} Ke6 {[%clk 0:26:40]} 32. Ke3
{[%clk 0:47:45]} R8d7 {[%clk 0:26:27]} 33. Rxd7 {[%clk 0:46:12]} Kxd7
{[%clk 0:26:11]} 34. Rd4 {[%clk 0:46:35]} Kc6 {[%clk 0:16:24]} 35. Rxd6+
{[%clk 0:47:01]} Kxd6 {[%clk 0:16:48]} 36. Kd4 {[%clk 0:47:28]} Kc6
{[%clk 0:16:09]} 37. Kc4 {[%clk 0:47:50]} b5+ {[%clk 0:16:13]} 38. axb5+
{[%clk 0:48:15]} Kb6 {[%clk 0:16:39]} 39. e3 {[%clk 0:48:23]} a4 {[%clk 0:16:42]}
40. Kb4 {[%clk 1:18:48]} a3 {[%clk 0:47:06]} 41. Kxa3 {[%clk 1:19:16]} Kxb5
{[%clk 0:47:32]} 42. Kb3 {[%clk 1:19:41]} Kc5 {[%clk 0:46:32]} 43. Kc3
{[%clk 1:20:08]} Kb5 {[%clk 0:46:39]} 44. Kd4 {[%clk 1:20:27]} Kb4
{[%clk 0:46:53]} 45. Ke5 {[%clk 1:20:44]} Kc3 {[%clk 0:46:21]} 46. Kf6
{[%clk 1:21:05]} Kxd3 {[%clk 0:46:43]} 47. Kxg6 {[%clk 1:21:31]} Kxe3
{[%clk 0:46:25]} 48. Kxf5 {[%clk 1:21:55]} Kf3 {[%clk 0:46:49]} 49. Kg5
{[%clk 1:22:20]} 1-0

[Event "George Trundle Qualifiers 2016"]
[Site "Auckland"]
[Date "2016.07.12"]
[Round "4.2"]
[White "Ang, Alphaeus Wei Ern"]
[Black "Bennett, Hilton P"]
[Result "1-0"]
[LiveChessVersion "1.4.8"]
[BlackElo "1977"]
[WhiteElo "2087"]

1. d4 {[%clk 1:30:58]} Nf6 {[%clk 1:13:52]} 2. c4 {[%clk 1:31:23]} g6
{[%clk 1:13:56]} 3. Nc3 {[%clk 1:31:48]} Bg7 {[%clk 1:14:03]} 4. e4
{[%clk 1:32:07]} d6 {[%clk 1:14:20]} 5. Be2 {[%clk 1:32:22]} O-O {[%clk 1:14:31]}
6. Be3 {[%clk 1:32:10]} e5 {[%clk 1:13:29]} 7. d5 {[%clk 1:32:30]} Na6
{[%clk 1:13:45]} 8. g4 {[%clk 1:30:46]} Nc5 {[%clk 1:13:36]} 9. Bf3
{[%clk 1:31:05]} a5 {[%clk 1:13:39]} 10. h4 {[%clk 1:26:43]} Qd7 {[%clk 1:10:31]}
11. g5 {[%clk 1:26:30]} Ng4 {[%clk 1:10:01]} 12. Bxc5 {[%clk 1:21:56]} dxc5
{[%clk 1:09:09]} 13. Qe2 {[%clk 1:21:57]} f5 {[%clk 1:06:16]} 14. Bg2
{[%clk 1:15:09]} f4 {[%clk 0:58:51]} 15. Bh3 {[%clk 1:14:49]} f3 {[%clk 0:57:34]}
16. Nxf3 {[%clk 1:15:08]} Qf7 {[%clk 0:57:34]} 17. Bg2 {[%clk 1:13:34]} Qf4
{[%clk 0:47:50]} 18. Qd3 {[%clk 1:11:52]} h5 {[%clk 0:40:39]} 19. Ke2
{[%clk 1:06:39]} Ra6 {[%clk 0:25:48]} 20. Raf1 {[%clk 1:05:53]} Bd7
{[%clk 0:19:41]} 21. Kd1 {[%clk 1:04:40]} Rb6 {[%clk 0:15:42]} 22. Ne2
{[%clk 1:03:52]} Qf7 {[%clk 0:15:46]} 23. Kc2 {[%clk 1:02:31]} c6
{[%clk 0:13:40]} 24. Nc3 {[%clk 1:00:12]} Ra6 {[%clk 0:11:07]} 25. Ne1
{[%clk 0:49:48]} b5 {[%clk 0:06:44]} 26. f3 {[%clk 0:47:55]} bxc4
{[%clk 0:06:34]} 27. Qe2 {[%clk 0:48:04]} Nf6 {[%clk 0:01:53]} 28. gxf6
{[%clk 0:48:16]} Qxf6 {[%clk 0:02:14]} 29. Qxc4 {[%clk 0:48:13]} cxd5
{[%clk 0:02:39]} 30. Nxd5 {[%clk 0:48:11]} Qd6 {[%clk 0:02:55]} 31. Nc7+
{[%clk 0:47:29]} 1-0

[Event "George Trundle Qualifiers 2016"]
[Site "Auckland"]
[Date "2016.07.12"]
[Round "4.3"]
[White "Milligan, Helen"]
[Black "Fan, Allen Chi Zhou"]
[Result "1-0"]
[LiveChessVersion "1.4.8"]
[BlackElo "1843"]
[WhiteElo "2053"]

1. e4 {[%clk 1:30:57]} e6 {[%clk 1:30:53]} 2. d4 {[%clk 1:31:21]} d5
{[%clk 1:31:17]} 3. Nc3 {[%clk 1:31:46]} Bb4 {[%clk 1:31:42]} 4. e5
{[%clk 1:31:57]} c5 {[%clk 1:32:06]} 5. a3 {[%clk 1:32:13]} Bxc3+
{[%clk 1:32:28]} 6. bxc3 {[%clk 1:32:37]} Qa5 {[%clk 1:32:53]} 7. Bd2
{[%clk 1:31:23]} Qa4 {[%clk 1:33:17]} 8. Qb1 {[%clk 1:29:17]} c4 {[%clk 1:33:40]}
9. g3 {[%clk 1:27:08]} Nc6 {[%clk 1:33:13]} 10. Bg2 {[%clk 1:25:48]} Bd7
{[%clk 1:29:10]} 11. Nh3 {[%clk 1:24:22]} O-O-O {[%clk 1:28:58]} 12. Nf4
{[%clk 1:21:54]} f6 {[%clk 1:20:48]} 13. exf6 {[%clk 1:16:08]} Nxf6
{[%clk 1:19:48]} 14. h4 {[%clk 1:13:16]} Qa5 {[%clk 1:12:17]} 15. Qd1
{[%clk 1:02:41]} e5 {[%clk 1:05:58]} 16. dxe5 {[%clk 1:01:40]} Nxe5
{[%clk 1:04:17]} 17. O-O {[%clk 1:00:58]} Bg4 {[%clk 0:52:32]} 18. f3
{[%clk 0:51:36]} Bf5 {[%clk 0:49:18]} 19. Be3 {[%clk 0:44:14]} Nc6
{[%clk 0:47:29]} 20. Ne2 {[%clk 0:43:21]} Rhe8 {[%clk 0:39:10]} 21. Bd4
{[%clk 0:38:37]} Qc7 {[%clk 0:37:22]} 22. Nf4 {[%clk 0:32:36]} Nxd4
{[%clk 0:32:56]} 23. Qxd4 {[%clk 0:32:15]} Qe5 {[%clk 0:26:48]} 24. Rf2
{[%clk 0:22:19]} Qxd4 {[%clk 0:23:45]} 25. cxd4 {[%clk 0:22:44]} Kc7
{[%clk 0:22:24]} 26. g4 {[%clk 0:22:40]} Bc8 {[%clk 0:21:55]} 27. Kf1
{[%clk 0:19:33]} Re3 {[%clk 0:16:46]} 28. Re2 {[%clk 0:18:56]} Rxe2
{[%clk 0:15:05]} 29. Kxe2 {[%clk 0:19:16]} Kc6 {[%clk 0:15:08]} 30. Rb1
{[%clk 0:17:37]} b5 {[%clk 0:15:02]} 31. Kd2 {[%clk 0:17:08]} Re8
{[%clk 0:14:44]} 32. g5 {[%clk 0:16:23]} Ng8 {[%clk 0:13:41]} 33. Ne2
{[%clk 0:16:16]} Bf5 {[%clk 0:13:03]} 34. Nc3 {[%clk 0:16:33]} a6
{[%clk 0:12:59]} 35. f4 {[%clk 0:16:07]} Be4 {[%clk 0:10:36]} 36. Re1
{[%clk 0:14:49]} a5 {[%clk 0:09:37]} 37. Nxe4 {[%clk 0:14:20]} dxe4
{[%clk 0:09:57]} 38. Bxe4+ {[%clk 0:14:38]} Kd6 {[%clk 0:10:16]} 39. Bxh7
{[%clk 0:14:07]} Ne7 {[%clk 0:10:36]} 40. Be4 {[%clk 0:41:57]} Rh8
{[%clk 0:40:26]} 41. Rh1 {[%clk 0:39:51]} g6 {[%clk 0:40:38]} 42. c3
{[%clk 0:37:41]} Rf8 {[%clk 0:40:29]} 43. Ke3 {[%clk 0:37:42]} Re8
{[%clk 0:40:52]} 44. Kf3 {[%clk 0:37:29]} b4 {[%clk 0:40:24]} 45. cxb4
{[%clk 0:37:37]} axb4 {[%clk 0:40:27]} 46. axb4 {[%clk 0:38:02]} Nd5
{[%clk 0:40:27]} 47. h5 {[%clk 0:35:23]} c3 {[%clk 0:40:08]} 48. Bxd5
{[%clk 0:34:58]} Kxd5 {[%clk 0:40:32]} 49. hxg6 {[%clk 0:35:16]} Kxd4
{[%clk 0:40:30]} 50. Rd1+ {[%clk 0:35:00]} Kc4 {[%clk 0:40:45]} 51. f5
{[%clk 0:32:37]} c2 {[%clk 0:40:38]} 52. Rc1 {[%clk 0:32:55]} Kd3
{[%clk 0:41:02]} 53. f6 {[%clk 0:32:31]} Kd2 {[%clk 0:40:43]} 54. Rxc2+
{[%clk 0:32:50]} Kxc2 {[%clk 0:41:06]} 55. g7 {[%clk 0:32:33]} 1-0

[Event "George Trundle Qualifiers 2016"]
[Site "Auckland"]
[Date "2016.07.12"]
[Round "4.4"]
[White "Gibbons, Robert E"]
[Black "Morrell, Gordon"]
[Result "0-1"]
[LiveChessVersion "1.4.8"]
[BlackElo "2077"]
[WhiteElo "2008"]

1. d4 {[%clk 1:13:40]} Nf6 {[%clk 1:30:53]} 2. Nf3 {[%clk 1:13:42]} g6
{[%clk 1:31:14]} 3. g3 {[%clk 1:14:06]} Bg7 {[%clk 1:31:06]} 4. Bg2
{[%clk 1:14:19]} O-O {[%clk 1:31:02]} 5. O-O {[%clk 1:14:30]} d6 {[%clk 1:25:47]}
6. Nc3 {[%clk 1:11:24]} Nbd7 {[%clk 1:23:27]} 7. e4 {[%clk 1:07:21]} e5
{[%clk 1:21:49]} 8. dxe5 {[%clk 1:05:36]} dxe5 {[%clk 1:22:07]} 9. b3
{[%clk 0:59:14]} Re8 {[%clk 1:19:39]} 10. Bb2 {[%clk 0:59:17]} c6
{[%clk 1:11:55]} 11. Qe2 {[%clk 0:55:05]} Qc7 {[%clk 1:06:44]} 12. Rfd1
{[%clk 0:53:45]} Bf8 {[%clk 0:56:23]} 13. a3 {[%clk 0:46:20]} b5 {[%clk 0:49:27]}
14. Na2 {[%clk 0:41:46]} a5 {[%clk 0:43:31]} 15. c4 {[%clk 0:34:52]} b4
{[%clk 0:34:46]} 16. a4 {[%clk 0:31:25]} Nc5 {[%clk 0:26:15]} 17. Nd2
{[%clk 0:30:23]} Bg4 {[%clk 0:22:52]} 18. f3 {[%clk 0:27:54]} Be6
{[%clk 0:20:27]} 19. Nc1 {[%clk 0:25:54]} Rad8 {[%clk 0:20:21]} 20. Nf1
{[%clk 0:19:52]} Rxd1 {[%clk 0:15:19]} 21. Qxd1 {[%clk 0:20:19]} Bh6
{[%clk 0:15:19]} 22. Qc2 {[%clk 0:19:33]} Nfd7 {[%clk 0:06:47]} 23. Nd3
{[%clk 0:12:50]} Nxd3 {[%clk 0:07:08]} 24. Qxd3 {[%clk 0:13:19]} Nc5
{[%clk 0:07:27]} 25. Qc2 {[%clk 0:11:37]} Rd8 {[%clk 0:05:50]} 26. Bc1
{[%clk 0:10:20]} Bxc1 {[%clk 0:04:52]} 27. Rxc1 {[%clk 0:10:48]} Qd6
{[%clk 0:03:44]} 28. Ne3 {[%clk 0:05:55]} Qd2 {[%clk 0:03:29]} 29. Nf1
{[%clk 0:05:09]} Qd4+ {[%clk 0:02:59]} 30. Kh1 {[%clk 0:05:37]} Nd3
{[%clk 0:03:14]} 31. h3 {[%clk 0:04:05]} Nxc1 {[%clk 0:03:01]} 32. Qxc1
{[%clk 0:04:30]} f6 {[%clk 0:02:46]} 33. f4 {[%clk 0:04:11]} Qc3 {[%clk 0:02:45]}
34. Qb1 {[%clk 0:04:22]} Rd3 {[%clk 0:02:47]} 35. f5 {[%clk 0:02:56]} Bf7
{[%clk 0:02:20]} 36. Qa2 {[%clk 0:03:05]} Qd4 {[%clk 0:01:54]} 37. Qe2
{[%clk 0:02:49]} Rxb3 {[%clk 0:01:54]} 38. fxg6 {[%clk 0:02:50]} hxg6
{[%clk 0:02:09]} 39. Qg4 {[%clk 0:03:12]} Kg7 {[%clk 0:01:45]} 40. h4
{[%clk 0:32:51]} Rd3 {[%clk 0:31:43]} 41. h5 {[%clk 0:31:36]} b3 {[%clk 0:31:04]}
42. h6+ {[%clk 0:31:39]} Kxh6 {[%clk 0:31:13]} 0-1

[Event "George Trundle Qualifiers 2016"]
[Site "Auckland"]
[Date "2016.07.12"]
[Round "4.5"]
[White "Nyberg, Michael"]
[Black "Macdonald, Paul"]
[Result "1/2-1/2"]
[LiveChessVersion "1.4.8"]
[BlackElo "1989"]
[WhiteElo "1930"]

1. c4 {[%clk 1:30:47]} e5 {[%clk 1:30:44]} 2. Nc3 {[%clk 1:30:55]} d6
{[%clk 1:31:00]} 3. g3 {[%clk 1:31:03]} f5 {[%clk 1:31:09]} 4. Bg2
{[%clk 1:31:04]} Nf6 {[%clk 1:31:32]} 5. e3 {[%clk 1:31:08]} Be7 {[%clk 1:30:43]}
6. Nge2 {[%clk 1:28:17]} O-O {[%clk 1:30:56]} 7. a3 {[%clk 1:25:53]} a5
{[%clk 1:20:56]} 8. Rb1 {[%clk 1:17:59]} Na6 {[%clk 1:20:59]} 9. O-O
{[%clk 1:15:18]} c6 {[%clk 1:12:27]} 10. d3 {[%clk 0:59:02]} Bd7 {[%clk 1:06:33]}
11. Kh1 {[%clk 0:51:50]} Nc7 {[%clk 1:05:19]} 12. b4 {[%clk 0:46:49]} axb4
{[%clk 1:05:42]} 13. axb4 {[%clk 0:47:17]} Ne6 {[%clk 1:04:44]} 14. b5
{[%clk 0:46:30]} Qc7 {[%clk 1:01:56]} 15. Kg1 {[%clk 0:29:20]} Kh8
{[%clk 1:00:12]} 16. e4 {[%clk 0:24:59]} fxe4 {[%clk 0:49:16]} 17. Nxe4
{[%clk 0:19:18]} Nxe4 {[%clk 0:41:57]} 18. Bxe4 {[%clk 0:18:47]} Ng5
{[%clk 0:36:16]} 19. Bxg5 {[%clk 0:18:11]} Bxg5 {[%clk 0:36:44]} 20. Nc3 g6
{[%clk 0:35:47]} 21. Bg2 {[%clk 0:17:07]} Bf5 {[%clk 0:33:49]} 22. bxc6
{[%clk 0:16:38]} bxc6 {[%clk 0:34:09]} 23. Ne4 {[%clk 0:16:48]} Be7
{[%clk 0:34:27]} 24. Qe2 {[%clk 0:16:27]} d5 {[%clk 0:28:27]} 25. cxd5
{[%clk 0:15:43]} cxd5 {[%clk 0:28:25]} 26. Rfc1 {[%clk 0:16:02]} Qa5
{[%clk 0:27:57]} 27. Nc3 {[%clk 0:16:04]} Rad8 {[%clk 0:16:13]} 28. h4
{[%clk 0:09:16]} Bf6 {[%clk 0:15:27]} 29. Nd1 {[%clk 0:08:11]} Qa6
{[%clk 0:14:35]} 30. Bf1 {[%clk 0:07:11]} e4 {[%clk 0:12:57]} 31. dxe4
{[%clk 0:07:04]} Qxe2 {[%clk 0:13:12]} 32. Bxe2 {[%clk 0:07:32]} Bxe4
{[%clk 0:13:25]} 33. Rb3 {[%clk 0:01:53]} d4 {[%clk 0:11:16]} 34. Bd3
{[%clk 0:01:50]} Bd5 {[%clk 0:09:46]} 35. Rb5 {[%clk 0:01:52]} Rfe8
{[%clk 0:08:23]} 36. Nb2 {[%clk 0:02:06]} Bg7 {[%clk 0:07:29]} 37. Na4
{[%clk 0:01:18]} Bh6 {[%clk 0:06:45]} 38. Rf1 {[%clk 0:01:33]} Bf3
{[%clk 0:06:28]} 39. Nc5 {[%clk 0:01:29]} Re5 {[%clk 0:03:14]} 40. Rfb1
{[%clk 0:30:32]} Rde8 {[%clk 0:31:20]} 41. Rf1 {[%clk 0:29:12]} Rc8
{[%clk 0:24:20]} 42. Nb3 {[%clk 0:22:21]} Rxb5 {[%clk 0:21:17]} 43. Bxb5
{[%clk 0:22:44]} d3 {[%clk 0:17:01]} 44. Nd4 {[%clk 0:20:36]} Be4
{[%clk 0:14:20]} 45. Rd1 {[%clk 0:17:19]} Rd8 {[%clk 0:12:16]} 46. Ne6
{[%clk 0:15:22]} Rd6 {[%clk 0:11:56]} 47. Nc5 {[%clk 0:15:00]} Bf3
{[%clk 0:08:07]} 48. Rxd3 {[%clk 0:15:04]} Rxd3 {[%clk 0:08:05]} 49. Bxd3
{[%clk 0:15:22]} Bf8 {[%clk 0:07:48]} 50. Ne6 {[%clk 0:15:35]} Bd6
{[%clk 0:07:41]} 51. Ng5 {[%clk 0:15:40]} Bd5 {[%clk 0:07:47]} 52. Be4
{[%clk 0:15:32]} Bc4 {[%clk 0:07:57]} 53. Kg2 {[%clk 0:15:47]} Kg7
{[%clk 0:08:02]} 54. Nf3 {[%clk 0:14:44]} Be6 {[%clk 0:06:43]} 55. Nd4
{[%clk 0:14:14]} Bc4 {[%clk 0:07:00]} 56. g4 {[%clk 0:14:10]} Bc5
{[%clk 0:06:36]} 57. Nc6 {[%clk 0:13:38]} Bd6 {[%clk 0:06:34]} 58. Kf3
{[%clk 0:13:14]} Be6 {[%clk 0:05:34]} 59. Nd4 {[%clk 0:13:11]} Bc4
{[%clk 0:05:41]} 60. Ke3 {[%clk 0:12:14]} Bc5 {[%clk 0:05:58]} 61. Bd3
{[%clk 0:10:57]} Bd5 {[%clk 0:05:30]} 62. Be4 {[%clk 0:09:44]} Bc4
{[%clk 0:05:54]} 63. Bc6 {[%clk 0:09:52]} Be6 {[%clk 0:04:53]} 64. f3
{[%clk 0:10:02]} Ba2 {[%clk 0:05:07]} 65. Ke4 {[%clk 0:10:04]} Bd6
{[%clk 0:05:29]} 66. f4 {[%clk 0:09:30]} Be7 {[%clk 0:04:15]} 67. g5
{[%clk 0:09:15]} Bb1+ {[%clk 0:03:47]} 68. Ke5 {[%clk 0:09:13]} Bb4
{[%clk 0:03:47]} 69. Be4 {[%clk 0:09:20]} Ba2 {[%clk 0:03:38]} 70. f5
{[%clk 0:09:31]} gxf5 {[%clk 0:03:07]} 71. Nxf5+ {[%clk 0:09:49]} Kh8
{[%clk 0:02:21]} 72. h5 {[%clk 0:09:06]} Bc3+ {[%clk 0:01:51]} 73. Kf4
{[%clk 0:09:10]} Bd2+ {[%clk 0:02:07]} 74. Kg4 {[%clk 0:09:32]} Bb3
{[%clk 0:02:00]} 75. Bf3 {[%clk 0:09:13]} Be6 {[%clk 0:02:05]} 76. Be4
{[%clk 0:08:03]} h6 {[%clk 0:02:07]} 77. g6 {[%clk 0:08:12]} Bxf5+
{[%clk 0:02:26]} 1/2-1/2